Normal view
MARC view
- سامراء(العراق)-المدن العربية-تاريخ العراق
Entry Topical Term
001 - CONTROL NUMBER
- control field: 62960
003 - CONTROL NUMBER IDENTIFIER
- control field: JO-AjAnu
005 - DATE AND TIME OF LATEST TRANSACTION
- control field: 20230606084259.0
008 - FIXED-LENGTH DATA ELEMENTS
- fixed length control field: 230606|| aca||aabn | a|a d
040 ## - CATALOGING SOURCE
- Original cataloging agency: JO-AjAnu
- Transcribing agency: JO-AjAnu
150 ## - HEADING--TOPICAL TERM
- Topical term or geographic name entry element: سامراء(العراق)-المدن العربية-تاريخ العراق
670 ## - SOURCE DATA FOUND
- Source citation: Work cat.: (JO-AjAnu)32102: السامرائي، مجيد ملوك, author 62959, سامراء: رؤية جغرافية للتاريخ